The battle of Plassey and the conquest of Bengal / (Record no. 129732)
[ view plain ]
| 000 -LEADER | |
|---|---|
| fixed length control field | 00682nam a22002297a 4500 |
| 005 - DATE AND TIME OF LATEST TRANSACTION | |
| control field | 20170124110101.0 |
| 010 ## - LIBRARY OF CONGRESS CONTROL NUMBER | |
| LC control number | 303523 |
| 020 ## - INTERNATIONAL STANDARD BOOK NUMBER | |
| Terms of availability | 00.00 |
| 035 ## - SYSTEM CONTROL NUMBER | |
| System control number | 303523 |
| 037 ## - SOURCE OF ACQUISITION | |
| Source of stock number/acquisition | Cen Lib/Ret |
| 040 ## - CATALOGING SOURCE | |
| Original cataloging agency | DPL |
| Language of cataloging | EN |
| 082 ## - DEWEY DECIMAL CLASSIFICATION NUMBER | |
| Classification number | 954.082 |
| Item number | EDW |
| 100 ## - MAIN ENTRY--PERSONAL NAME | |
| Personal name | Edwardes, Michael |
| 9 (RLIN) | 23838 |
| 245 ## - TITLE STATEMENT | |
| Title | The battle of Plassey and the conquest of Bengal / |
| Statement of responsibility, etc | by Michael Edwardes |
| 260 ## - PUBLICATION, DISTRIBUTION, ETC. (IMPRINT) | |
| Name of publisher, distributor, etc | B.T.Batsford Ltd |
| Place of publication, distribution, etc | London |
| Date of publication, distribution, etc | 1963 |
| 270 ## - ADDRESS | |
| Address | 4 Fitzhardinge Street, Portman Square |
| 300 ## - PHYSICAL DESCRIPTION | |
| Extent | 167p. : |
| Dimensions | 20cm(Hb) |
| Other physical details | ill. |
| 500 ## - GENERAL NOTE | |
| General note | Includes index |
| 650 ## - SUBJECT ADDED ENTRY--TOPICAL TERM | |
| Topical term or geographic name as entry element | Bengal (India) -- History |
| 9 (RLIN) | 27241 |
| 650 ## - SUBJECT ADDED ENTRY--TOPICAL TERM | |
| Topical term or geographic name as entry element | India -- Bengal |
| 9 (RLIN) | 9764 |
| 942 ## - ADDED ENTRY ELEMENTS (KOHA) | |
| Source of classification or shelving scheme | Dewey Decimal Classification |
| Koha item type | English Books |
| Classification part | 954.082 |
| Call number suffix | EDW |
| Withdrawn status | Lost status | Damaged status | Not for loan | Home library | Current library | Date acquired | Source of acquisition | Cost, normal purchase price | Total Checkouts | Total Renewals | Full call number | Barcode | Date last seen | Date checked out | Copy number | Cost, replacement price | Price effective from | Koha item type |
|---|---|---|---|---|---|---|---|---|---|---|---|---|---|---|---|---|---|---|
| Central Library | Central Library | 07/07/2015 | Cen Lib/Ret | 0.00 | 2 | 1 | 954.082 EDW | 303523 | 10/04/2018 | 24/03/2018 | 1 | 0.00 | 07/07/2015 | English Books |
